| 000 | 00500nam a2200181 a 4500 | ||
|---|---|---|---|
| 001 | 3146 | ||
| 005 | 20140414131926.0 | ||
| 008 | 060202s19uu xx 00 eng d | ||
| 020 | _a0-307-20313-1 | ||
| 050 |
_aER _bW81 |
||
| 100 | _aBrown, Margaret | ||
| 245 |
_aWonderful house, The / _cby Margaret Wise Brown ; illustrated by J. P. Miller. |
||
| 260 |
_as.l : _bGolden Books, _c[n.d.] |
||
| 300 | _a1 v. p. ; cm. | ||
| 650 |
_aHouses _xFiction. |
||
| 650 | _aChildren stories. | ||
| 999 |
_c111991 _d111991 |
||